All Kid Cudi Songs - Statistics

General Stats
  • This quiz has been taken 770 times
    354 since last reset
  • The average score is 50 of 182
Answer Stats
Album Song % Correct
A Kid Named Cudi Day 'n' Nite
85%
Man on the Moon II: The Legend of Mr. Rager Mr. Rager
77%
Man on the Moon: The End of Day Pursuit of Happiness
77%
Man on the Moon: The End of Day Soundtrack 2 My Life
66%
Kids See Ghosts Reborn
62%
Man on the Moon: The End of Day Solo Dolo
60%
Indicud Solo Dolo, Part II
60%
Kids See Ghosts Cudi Montage
58%
Man on the Moon II: The Legend of Mr. Rager Ghost!
58%
Man on the Moon: The End of Day Enter Galactic (Love Connection Part I)
56%
The Boy Who Flew to the Moon (Vol. 1) love.
56%
Kids See Ghosts Freeee (Ghost Town, Pt. 2)
55%
Kids See Ghosts Kids See Ghosts
55%
Man on the Moon II: The Legend of Mr. Rager Erase Me
53%
Man on the Moon: The End of Day Heart of a Lion (Kid Cudi Theme Music)
53%
A Kid Named Cudi Man on the Moon (The Anthem)
53%
Man on the Moon: The End of Day Up Up & Away
53%
Man on the Moon: The End of Day Cudi Zone
52%
Man on the Moon III: The Chosen Tequila Shots
52%
Kids See Ghosts Fire
51%
Kids See Ghosts 4th Dimension
50%
Kids See Ghosts Feel the Love
48%
Man on the Moon: The End of Day In My Dreams (Cudder Anthem)
48%
A Kid Named Cudi The Prayer
48%
Man on the Moon II: The Legend of Mr. Rager Marijuana
47%
Man on the Moon II: The Legend of Mr. Rager Scott Mescudi vs. the World
47%
Man on the Moon: The End of Day Alive
46%
Man on the Moon: The End of Day Make Her Say
46%
Indicud Just What I Am
44%
Man on the Moon: The End of Day Simple As...
44%
Man on the Moon II: The Legend of Mr. Rager Mojo So Dope
43%
Man on the Moon II: The Legend of Mr. Rager Don't Play This Song
41%
Man on the Moon: The End of Day Sky Might Fall
41%
Man on the Moon II: The Legend of Mr. Rager All Along
40%
Man on the Moon: The End of Day My World
40%
Man on the Moon II: The Legend of Mr. Rager Revofev
40%
Man on the Moon: The End of Day Hyyerr
38%
Man on the Moon II: The Legend of Mr. Rager Ashin' Kusher
36%
Passion, Pain & Demon Slayin' Surfin'
36%
Passion, Pain & Demon Slayin' By Design
35%
Man on the Moon III: The Chosen Show Out
35%
Speedin' Bullet 2 Heaven Speedin' Bullet 2 Heaven
35%
Man on the Moon II: The Legend of Mr. Rager The End
35%
Man on the Moon III: The Chosen Sad People
34%
Man on the Moon III: The Chosen The Void
34%
Man on the Moon II: The Legend of Mr. Rager Trapped in My Mind
34%
Passion, Pain & Demon Slayin' Baptized in Fire
33%
Speedin' Bullet 2 Heaven Confused!
33%
Entergalactic Do What I Want
33%
A Kid Named Cudi Intro
33%
Indicud Immortal
32%
Passion, Pain & Demon Slayin' Kitchen
32%
Single #2 The Scotts
32%
Indicud Unf**kwittable
32%
Satellite Flight: The Journey to Mother Moon Balmain Jeans
31%
A Kid Named Cudi Maui Wowie
31%
Man on the Moon III: The Chosen Rockstar Knights
31%
Passion, Pain & Demon Slayin' Rose Golden
31%
Satellite Flight: The Journey to Mother Moon Satellite Flight
31%
Man on the Moon II: The Legend of Mr. Rager These Worries
31%
Man on the Moon III: The Chosen Another Day
30%
Indicud Brothers
30%
Man on the Moon III: The Chosen Elsie's Baby Boy (flashback)
30%
Passion, Pain & Demon Slayin' Frequency
30%
Indicud King Wizard
30%
Man on the Moon III: The Chosen Sept. 16
30%
WZRD Teleport 2 Me, Jamie
30%
Satellite Flight: The Journey to Mother Moon Too Bad I Have to Destroy You Now
30%
Man on the Moon III: The Chosen Dive
29%
Indicud Red Eye
29%
Man on the Moon III: The Chosen She Knows This
29%
Man on the Moon III: The Chosen 4 Da Kidz
28%
Man on the Moon III: The Chosen Damaged
28%
A Kid Named Cudi Down & Out
28%
Indicud Girls
28%
Man on the Moon III: The Chosen Lord I Know
28%
Man on the Moon III: The Chosen Mr. Solo Dolo III
28%
A Kid Named Cudi T.G.I.F.
27%
Entergalactic Willing to Trust
27%
Entergalactic Angel
26%
Man on the Moon III: The Chosen Beautiful Trip
26%
A Kid Named Cudi Is There Any Love?
26%
Man on the Moon II: The Legend of Mr. Rager Maybe
26%
A Kid Named Cudi Pillow Talk
26%
Man on the Moon II: The Legend of Mr. Rager Wild'n Cuz I'm Young
26%
Man on the Moon III: The Chosen Lovin' Me
25%
Entergalactic New Mode
25%
Sonic the Hedgehog 2 Stars in the Sky
25%
Man on the Moon II: The Legend of Mr. Rager The Mood
25%
Indicud Beez
24%
Man on the Moon III: The Chosen The Pale Moonlight
24%
Speedin' Bullet 2 Heaven The Return of Chip Douglas
24%
A Kid Named Cudi Embrace the Martian
23%
Indicud Young Lady
23%
Entergalactic Burrow
22%
A Kid Named Cudi Cleveland Is the Reason
22%
Passion, Pain & Demon Slayin' Dance 4 Eternity
22%
Entergalactic Entergalactic Theme
22%
Man on the Moon III: The Chosen Heaven on Earth
22%
Single Leader of the Delinquents
22%
Newest Single PORSCHE TOPLESS
22%
Passion, Pain & Demon Slayin' Swim in the Light
22%
Indicud The Resurrection of Scott Mescudi
22%
Passion, Pain & Demon Slayin' All In
21%
Passion, Pain & Demon Slayin' Does It
21%
A Kid Named Cudi Heaven at Nite
21%
WZRD Upper Room
21%
Man on the Moon II: The Legend of Mr. Rager We Aite (Wake Your Mind Up)
21%
Indicud Cold Blooded
20%
Entergalactic In Love
20%
Indicud Mad Solar
20%
Entergalactic Maybe So
20%
Passion, Pain & Demon Slayin' The Commander
20%
Indicud Afterwards (Bring Yo Friends)
19%
Passion, Pain & Demon Slayin' Cosmic Warrior
19%
A Kid Named Cudi CuDi Spazzin'
19%
WZRD Efflictim
19%
Passion, Pain & Demon Slayin' ILLusions
19%
Entergalactic She's Lookin' for Me
19%
Single #3 The Adventures of Moon Man & Slim Shady
19%
WZRD The Dream Time Machine
19%
A Kid Named Cudi CuDi Get
18%
Passion, Pain & Demon Slayin' Flight at First Sight / Advanced
18%
Satellite Flight: The Journey to Mother Moon Going to the Ceremony
18%
Satellite Flight: The Journey to Mother Moon In My Dreams 2015
18%
Speedin' Bullet 2 Heaven Judgemental C**t
18%
Entergalactic Livin' My Truth
18%
Indicud New York City Rage Fest
18%
Passion, Pain & Demon Slayin' Releaser
18%
Passion, Pain & Demon Slayin' The Guide
18%
Satellite Flight: The Journey to Mother Moon Troubled Boy
18%
Speedin' Bullet 2 Heaven Embers
17%
Entergalactic Ignite the Love
17%
Satellite Flight: The Journey to Mother Moon Internal Bleeding
17%
WZRD Where Did You Sleep Last Night?
17%
Passion, Pain & Demon Slayin' Wounds
17%
Speedin' Bullet 2 Heaven Adventures
16%
Indicud Burn Baby Burn
16%
Entergalactic Can't Shake Her
16%
Satellite Flight: The Journey to Mother Moon Copernicus Landing
16%
WZRD Dr. Pill
16%
Speedin' Bullet 2 Heaven Edge of the Earth / Post Mortem Boredom
16%
Indicud Lord of the Sad and Lonely
16%
Speedin' Bullet 2 Heaven Man in the Night
16%
Entergalactic My Drug
16%
Entergalactic Somewhere to Fly
16%
Speedin' Bullet 2 Heaven Wedding Tux
16%
A Kid Named Cudi Whenever
16%
Speedin' Bullet 2 Heaven Handle with Care
15%
Indicud The Flight of the Moon Man
15%
Entergalactic Can't Believe It
14%
Passion, Pain & Demon Slayin' Distant Fantasies
14%
WZRD Love Hard
14%
Man on the Moon II: The Legend of Mr. Rager Manic
14%
Speedin' Bullet 2 Heaven Melting
14%
Fright Night: Original Motion Picture Soundtrack No One Believes Me
14%
Satellite Flight: The Journey to Mother Moon Destination: Mother Moon
13%
WZRD High Off Life
13%
Speedin' Bullet 2 Heaven Red Sabbath
13%
A Kid Named Cudi Save My Soul (The CuDi Confession)
13%
Speedin' Bullet 2 Heaven Screwed
13%
WZRD The Arrival
13%
Speedin' Bullet 2 Heaven Amen
12%
Speedin' Bullet 2 Heaven Fade 2 Red
12%
Speedin' Bullet 2 Heaven Fuchsia Butterflies
12%
The Harder They Fall: The Motion Picture Soundtrack Guns Go Bang
12%
New Single Just Look Up
12%
WZRD Brake
11%
WZRD Live & Learn
11%
Speedin' Bullet 2 Heaven Séance Chaos
11%
Speedin' Bullet 2 Heaven Worth
11%
A Kid Named Cudi 50 Ways to Make a Record
10%
Speedin' Bullet 2 Heaven The Nothing
10%
Speedin' Bullet 2 Heaven Trauma
10%
Newer Single Want It Bad
10%
Speedin' Bullet 2 Heaven Angered Kids
9%
Speedin' Bullet 2 Heaven Insides Out
9%
Passion, Pain & Demon Slayin' Mother Nature
9%
Satellite Flight: The Journey to Mother Moon Return of the Moon Man (Original Score)
9%
Speedin' Bullet 2 Heaven Wait!
9%
Speedin' Bullet 2 Heaven Anomaly
8%
Speedin' Bullet 2 Heaven Fairy Tale Remains
7%
No matching quizzes found
Score Distribution
Percent of People with Each Score
Percentile by Number Answered
Your Score History
You have not taken this quiz since the last reset